लड़की की बहादुरी तथा अन्य कहानियां : (Record no. 119456)

MARC details
000 -LEADER
fixed length control field 01518nam a22002657a 4500
005 - DATE AND TIME OF LATEST TRANSACTION
control field 20170124103135.0
010 ## - LIBRARY OF CONGRESS CONTROL NUMBER
LC control number A-724647
020 ## - INTERNATIONAL STANDARD BOOK NUMBER
Terms of availability 35.00
035 ## - SYSTEM CONTROL NUMBER
System control number A-724647
037 ## - SOURCE OF ACQUISITION
Source of stock number/acquisition Cen Lib/Ret
040 ## - CATALOGING SOURCE
Original cataloging agency DPL
Language of cataloging HN
082 ## - DEWEY DECIMAL CLASSIFICATION NUMBER
Classification number
Item number मिश्रम
100 ## - MAIN ENTRY--PERSONAL NAME
Personal name मिश्र, माधव प्रसाद
9 (RLIN) 85007
245 ## - TITLE STATEMENT
Title लड़की की बहादुरी तथा अन्य कहानियां :
Statement of responsibility, etc माधव प्रसाद मिश्र ; संपादक मुरारीलाल
Remainder of title पुराण इतिहास मूलक सामाजिक प्रेरणादाई कहानियों का पठनीय संकलन /
246 ## - VARYING FORM OF TITLE
Title proper/short title Ladki ki bahaduri tatha anya kahaniyan : puraan itihas mulak samajik prernadayi kahaniyon ka pathniya sankalan
Remainder of title by Madhav Prasad Mishar ; sampadak Murarilal
260 ## - PUBLICATION, DISTRIBUTION, ETC. (IMPRINT)
Place of publication, distribution, etc दिल्ली
Name of publisher, distributor, etc कान्ता प्रकाशन
Date of publication, distribution, etc 1994
270 ## - ADDRESS
Address बी -3/174-75, नन्द नगरी
City दिल्ली
Postal code 110093
300 ## - PHYSICAL DESCRIPTION
Extent 96पृष्ठ.
Dimensions 17सेमी(सजिल्द)
650 ## - SUBJECT ADDED ENTRY--TOPICAL TERM
Topical term or geographic name as entry element हिंदी साहित्य
9 (RLIN) 85008
650 ## - SUBJECT ADDED ENTRY--TOPICAL TERM
Topical term or geographic name as entry element हिंदी कहानी - ऐतिहासिक ,प्रेरणादायक
9 (RLIN) 85009
650 ## - SUBJECT ADDED ENTRY--TOPICAL TERM
Topical term or geographic name as entry element Hindi literature
9 (RLIN) 85010
650 ## - SUBJECT ADDED ENTRY--TOPICAL TERM
Topical term or geographic name as entry element Hindi story - historical , inspirational
9 (RLIN) 85011
700 ## - ADDED ENTRY--PERSONAL NAME
Personal name मुरारीलाल
9 (RLIN) 85012
942 ## - ADDED ENTRY ELEMENTS (KOHA)
Source of classification or shelving scheme Dewey Decimal Classification
Koha item type Hindi Books
Classification part
Call number suffix मिश्रम
Holdings
Withdrawn status Lost status Damaged status Not for loan Home library Current library Date acquired Source of acquisition Cost, normal purchase price Total Checkouts Full call number Barcode Date last seen Date checked out Copy number Cost, replacement price Price effective from Koha item type Source of classification or shelving scheme Public note
        Central Library Central Library 17/09/2015 Cen Lib/Ret 35.00 1 क मिश्रम A-724647 15/04/2018 31/03/2018 1 35.00 17/09/2015 Hindi Books    
Written off       Central Library Central Library 27/10/2016 Cen Lib/Ret 35.00   क मिश्रम A-724648 27/10/2016   2 35.00 27/10/2016 Hindi Books Dewey Decimal Classification Written off on approval by DLB (By Circulation); dtd 20.12.2022

© Delhi Public Library
Hit Counter
free hit counter